00590nam a22001817a 450000500170000001000150001702000110003203500150004303700140005808200110007210000300008324500650011325000160017826000450019427000500023930000260028950000930031520181014113659.0 aENG-124267 c240.00 a EN-107799 bDBAD/PUB. a181.46 aChattopadhyaya, Rajagopal aSwami vivekananda in the west /cby Rajagopal Chattopadhyaya a3rd edition aCalcuttabRajagopal Chattopadhyayac2012 aBF-308, Salt Lake, Sector-1bCalcuttae700064 a260p.c21cm(Hb)bill. aIt includes chronological record, select bibliography, index and chronological apendices